| 000 | 00000nas##2200000za#4500 |
|---|---|
| 001 | 9.506650 |
| 003 | CaOODSP |
| 005 | 20250129103330 |
| 007 | cr ||||||||||| |
| 008 | 150406c2004||||xxc|| m o||||f| |0eng|d |
| 040 | |aCaOODSP|beng |
| 043 | |an-cn--- |
| 086 | 1 |aEn57-41E-PDF |
| 110 | 2 |aMeteorological Service of Canada. |
| 245 | 10|aOccasional paper |h[electronic resource] |
| 246 | 3 |aAdaptation and Impacts Research Group (AIRG) occasional paper |
| 260 | |aToronto - Ontario : |bEnvironment Canada. |
| 310 | |aIrregular |
| 362 | 1 |a1 (November 2004) -- |
| 775 | 08|tPapier occasionnel |w(CaOODSP)9.504138 |